| 000 | 00455nam a2200193Ia 4500 | ||
|---|---|---|---|
| 005 | 20240823032038.0 | ||
| 008 | 240823s9999||||xx |||||||||||||| ||und|| | ||
| 020 | _a978-93-81006-23-8 | ||
| 041 | _aENGLISH | ||
| 082 | _A808.83 Q2 | ||
| 100 | _aNeelakanda Pillai | ||
| 245 | 0 | _aSanga Tamizhar Valviyal | |
| 250 | _a1st | ||
| 260 |
_c2012 _bsemuthay Pathi |
||
| 500 | _aYES | ||
| 650 |
_aTAmilar Valviyal _bGeneral |
||
| 942 | _cBK | ||
| 999 |
_c192512 _d192512 |
||